[Event "Voronezh Region-ch Seniors"]
[Site "Voronezh"]
[Date "2013.11.21"]
[Round "6"]
[White "Gurov, Valerian"]
[Black "Chermashentsev, Victor"]
[Result "0-1"]
[WhiteElo "1851"]
[BlackElo "1779"]
[PlyCount "32"]
[EventDate "2013.11.15"]
[EventType "swiss"]
[EventRounds "9"]
[EventCountry "RUS"]
[SourceTitle "EXT 2015"]
[Source "ChessBase"]
[SourceDate "2014.11.20"]
[SourceVersion "1"]
[SourceVersionDate "2014.11.20"]
[SourceQuality "1"]

1. b4 Nf6 2. Bb2 e6 3. a3 c5 4. b5 d5 5. Nf3 Nbd7 6. e3 Qc7 7. a4 b6 8. d3 a5 9. Be2 Bb7 10. 0-0 0-0-0 11. Nbd2 h6 12. c4 g5 13. h3 Rg8 14. Nh2 Bg7 15. Rc1 g4 16. hxg4 Nxg4 0-1

[Event "Voronezh Region-ch Seniors"]
[Site "Voronezh"]
[Date "2013.11.19"]
[Round "4"]
[White "Gurov, Valerian"]
[Black "Ajrapetian, Nikita"]
[Result "0-1"]
[WhiteElo "1851"]
[BlackElo "1917"]
[PlyCount "56"]
[EventDate "2013.11.15"]
[EventType "swiss"]
[EventRounds "9"]
[EventCountry "RUS"]
[SourceTitle "EXT 2015"]
[Source "ChessBase"]
[SourceDate "2014.11.20"]
[SourceVersion "1"]
[SourceVersionDate "2014.11.20"]
[SourceQuality "1"]

1. e4 c5 2. Nf3 d6 3. d4 cxd4 4. Nxd4 Nf6 5. Nc3 e6 6. Bg5 Be7 7. Qd2 a6 8. f3 Nc6 9. Nb3 Qc7 10. Be2 b5 11. 0-0 Bb7 12. Kh1 Rd8 13. Bf4 0-0 14. Rad1 Ne5 15. Qe1 Nc4 16. Bxc4 bxc4 17. Nc1 Rd7 18. N1e2 Rfd8 19. Bg3 Qb6 20. Na4 Qb5 21. Nec3 Qc6 22. Bf2 Ba8 23. Nb6 Rb7 24. Nca4 Nd7 25. Qa5 Qb5 26. Nxc4 Qxc4 27. Nb6 Nxb6 28. Bxb6 Rc8 0-1

[Event "Voronezh Rating op 09"]
[Site "Voronezh"]
[Date "2013.09.22"]
[Round "7"]
[White "Gurov, Valerian"]
[Black "Mezentsev, Andrey"]
[Result "1-0"]
[WhiteElo "1855"]
[BlackElo "1725"]
[PlyCount "63"]
[EventDate "2013.09.13"]
[EventType "swiss"]
[EventRounds "7"]
[EventCountry "RUS"]
[SourceTitle "EXT 2015"]
[Source "ChessBase"]
[SourceDate "2014.11.20"]
[SourceVersion "1"]
[SourceVersionDate "2014.11.20"]
[SourceQuality "1"]

1. d4 d5 2. Nf3 Nf6 3. Bf4 c6 4. e3 Bg4 5. Be2 e6 6. Ne5 Bxe2 7. Qxe2 Nbd7 8. Nd2 Nxe5 9. Bxe5 Nd7 10. Nf3 Nxe5 11. Nxe5 Bd6 12. f4 Qb6 13. c3 c5 14. 0-0 cxd4 15. exd4 0-0 16. Nd7 Qc7 17. Nxf8 Rxf8 18. g3 a6 19. Rae1 b5 20. a3 Qb6 21. b4 a5 22. Kh1 Rc8 23. Qd3 Ra8 24. f5 exf5 25. Qxf5 Qb7 26. Rf3 axb4 27. axb4 Ra7 28. Re8+ Bf8 29. Qe5 Ra1+ 30. Kg2 Ra2+ 31. Rf2 Ra3 32. Qd6 1-0

[Event "Voronezh Rating op 09"]
[Site "Voronezh"]
[Date "2013.09.21"]
[Round "6"]
[White "Borisov, Maxim"]
[Black "Gurov, Valerian"]
[Result "0-1"]
[WhiteElo "1760"]
[BlackElo "1855"]
[PlyCount "96"]
[EventDate "2013.09.13"]
[EventType "swiss"]
[EventRounds "7"]
[EventCountry "RUS"]
[SourceTitle "EXT 2015"]
[Source "ChessBase"]
[SourceDate "2014.11.20"]
[SourceVersion "1"]
[SourceVersionDate "2014.11.20"]
[SourceQuality "1"]

1. d4 Nf6 2. c4 e6 3. Nf3 d5 4. Nc3 c6 5. a3 Nbd7 6. cxd5 cxd5 7. Bf4 a6 8. g3 Nh5 9. Bd2 Be7 10. Bg2 0-0 11. 0-0 f5 12. Qb3 Nhf6 13. Bf4 b5 14. h4 Bb7 15. Rac1 Rc8 16. Ng5 Qb6 17. Rfd1 h6 18. Nf3 Rc4 19. e3 Rfc8 20. Bf1 R4c6 21. Ne5 Nxe5 22. Bxe5 Ne4 23. Ne2 Rc4 24. Qd3 Bd6 25. Bxd6 Qxd6 26. Kg2 Kf7 27. f3 Nxg3 28. Nxg3 Rxc1 29. Rd2 g6 30. Ne2 Rxf1 31. Kxf1 Qh2 32. Nc3 Qh1+ 33. Kf2 Qxh4+ 34. Kg1 Qg3+ 35. Rg2 Qxf3 36. Qd2 g5 37. Rf2 Qg3+ 38. Rg2 Qd6 39. Qe2 Kg6 40. Rh2 g4 41. Qg2 h5 42. Rh4 Kg5 43. Rh3 h4 44. Ne2 Rc2 45. Rxh4 Rxe2 46. Rxg4+ fxg4 47. Qxe2 Qg3+ 48. Kf1 Qf3+ 0-1

[Event "Voronezh Rating op 09"]
[Site "Voronezh"]
[Date "2013.09.14"]
[Round "2"]
[White "Gurov, Valerian"]
[Black "Polyansky, Viktor"]
[Result "0-1"]
[WhiteElo "1855"]
[BlackElo "1939"]
[PlyCount "68"]
[EventDate "2013.09.13"]
[EventType "swiss"]
[EventRounds "7"]
[EventCountry "RUS"]
[SourceTitle "EXT 2015"]
[Source "ChessBase"]
[SourceDate "2014.11.20"]
[SourceVersion "1"]
[SourceVersionDate "2014.11.20"]
[SourceQuality "1"]

1. d4 Nf6 2. Nf3 e6 3. Bf4 c5 4. e3 Qb6 5. b3 Nc6 6. Be2 Nh5 7. Bg3 Nxg3 8. hxg3 d5 9. Nc3 Qa5 10. Qd2 cxd4 11. Nb5 Bb4 12. c3 Bxc3 13. Nxc3 dxc3 14. Qc2 Nb4 15. Qxc3 Nc2+ 16. Kd2 Qxc3+ 17. Kxc3 Nxa1 18. Rxa1 f6 19. Nd4 a6 20. f4 0-0 21. Bf3 Bd7 22. f5 Rac8+ 23. Kb2 e5 24. Bxd5+ Kh8 25. Ne6 Bxe6 26. Bxe6 Rc7 27. Rd1 g6 28. g4 Kg7 29. e4 Re8 30. Rd6 g5 31. g3 Rh8 32. a4 h5 33. gxh5 Rxh5 34. Ka3 Rh3 0-1

[Event "Voronezh Winter op"]
[Site "Voronezh"]
[Date "2013.01.27"]
[Round "8"]
[White "Gurov, Valerian"]
[Black "Stepanischev, Gregory"]
[Result "0-1"]
[WhiteElo "1843"]
[BlackElo "2010"]
[PlyCount "52"]
[EventDate "2013.01.15"]
[EventType "swiss"]
[EventRounds "9"]
[EventCountry "RUS"]
[SourceTitle "EXT 2014"]
[Source "ChessBase"]
[SourceDate "2013.11.20"]
[SourceVersion "1"]
[SourceVersionDate "2013.11.20"]
[SourceQuality "1"]

1. e4 c6 2. d4 d5 3. e5 Bf5 4. Bd3 Bxd3 5. Qxd3 e6 6. Nf3 Ne7 7. Bg5 Qb6 8. b3 Nd7 9. 0-0 c5 10. c3 Nc6 11. Nbd2 cxd4 12. cxd4 Ba3 13. Qc3 0-0 14. Nb1 Bb4 15. Qd3 Rac8 16. Nbd2 Ba3 17. Nb1 Bb2 18. Nbd2 Bxa1 19. Rxa1 h6 20. a3 hxg5 21. Nxg5 Rfe8 22. Qh7+ Kf8 23. Qh8+ Ke7 24. Qxg7 Rf8 25. Ndf3 Nxd4 26. Nxd4 Qxd4 0-1

[Event "Voronezh Winter op"]
[Site "Voronezh"]
[Date "2013.01.26"]
[Round "7"]
[White "Dmitriev, Dmitriy"]
[Black "Gurov, Valerian"]
[Result "1-0"]
[WhiteElo "1991"]
[BlackElo "1843"]
[PlyCount "53"]
[EventDate "2013.01.15"]
[EventType "swiss"]
[EventRounds "9"]
[EventCountry "RUS"]
[SourceTitle "EXT 2014"]
[Source "ChessBase"]
[SourceDate "2013.11.20"]
[SourceVersion "1"]
[SourceVersionDate "2013.11.20"]
[SourceQuality "1"]

1. e4 c5 2. f4 Nc6 3. Nf3 d6 4. b3 Bg4 5. Bb2 e6 6. h3 Bxf3 7. Qxf3 Qc7 8. Na3 a6 9. c3 Nf6 10. Nc2 Be7 11. g4 Nd7 12. d4 Bh4+ 13. Kd1 h6 14. Rc1 Qa5 15. a3 cxd4 16. Nxd4 Nxd4 17. cxd4 Qe1+ 18. Kc2 Qf2+ 19. Qxf2 Bxf2 20. Kd3 e5 21. fxe5 dxe5 22. dxe5 Nc5+ 23. Ke2 Nxe4 24. Bg2 Ng3+ 25. Kxf2 Nxh1+ 26. Bxh1 Ke7 27. Bxb7 1-0

[Event "Voronezh Winter op"]
[Site "Voronezh"]
[Date "2013.01.19"]
[Round "3"]
[White "Volodin, Konstantin"]
[Black "Gurov, Valerian"]
[Result "1-0"]
[WhiteElo "1632"]
[BlackElo "1843"]
[PlyCount "75"]
[EventDate "2013.01.15"]
[EventType "swiss"]
[EventRounds "9"]
[EventCountry "RUS"]
[SourceTitle "EXT 2014"]
[Source "ChessBase"]
[SourceDate "2013.11.20"]
[SourceVersion "1"]
[SourceVersionDate "2013.11.20"]
[SourceQuality "1"]

1. c4 g6 2. Nc3 Bg7 3. g3 Nf6 4. Bg2 d6 5. e4 c5 6. Nge2 Nc6 7. d4 cxd4 8. Nxd4 Ne5 9. 0-0 0-0 10. b3 a6 11. h3 Bd7 12. Be3 Qa5 13. Qd2 Rfe8 14. Rac1 Rac8 15. Rfd1 Nc6 16. f4 Nxd4 17. Bxd4 Bc6 18. Qf2 e5 19. Bb6 Qb4 20. f5 Nd7 21. Be3 Nf6 22. g4 Nd7 23. g5 f6 24. h4 Rf8 25. Nd5 Bxd5 26. Rxd5 fxg5 27. hxg5 Rf7 28. Bh3 Re8 29. Rf1 Nf8 30. f6 Bh8 31. Qb2 b5 32. Bd2 Qc5+ 33. Rxc5 dxc5 34. cxb5 axb5 35. Be3 h6 36. Qd2 Kh7 37. Qd5 Ra7 38. Bxc5 1-0

[Event "Voronezh Region-ch Seniors"]
[Site "Voronezh"]
[Date "2009.11.24"]
[Round "5.7"]
[White "Koshelev, Vladimir1111"]
[Black "Gurov, Valerian"]
[Result "1-0"]
[WhiteElo "1956"]
[BlackElo "1878"]
[PlyCount "93"]
[EventDate "2009.11.20"]
[EventType "swiss"]
[EventRounds "9"]
[EventCountry "RUS"]
[SourceTitle "EXT 2022"]
[Source "ChessBase"]
[SourceDate "2021.10.06"]
[SourceVersion "1"]
[SourceVersionDate "2021.10.06"]
[SourceQuality "1"]

1. b3 Nf6 2. Bb2 e6 3. Nf3 Be7 4. d3 d5 5. Nbd2 c5 6. e3 Nc6 7. d4 b6 8. Bb5 Bd7 9. Bxc6 Bxc6 10. Ne5 Bb7 11. 0-0 0-0 12. f4 Bd6 13. Rf3 Ne4 14. Rh3 g6 15. Nxe4 dxe4 16. dxc5 Bxe5 17. fxe5 bxc5 18. Qe1 Qe7 19. Rg3 Rad8 20. h4 h5 21. Rg5 Kh7 22. Qe2 Kh6 23. Rf1 Qd7 24. Kh2 Kg7 25. Ba3 Qc7 26. Rf6 Rh8 27. Qf2 Rdf8 28. Qg3 Rh6 29. Rf1 Qa5 30. Bc1 Qxa2 31. Qf2 Kg8 32. Qd2 Qa6 33. Rd1 Kg7 34. Qc3 Qe2 35. Rd7 Ba6 36. Qd2 Qf1 37. c4 Rhh8 38. Ba3 Bc8 39. Rd6 Kh6 40. Bxc5 f6 41. exf6 Rxf6 42. Rd8 Rh7 43. Rxc8 Rf2 44. Qd8 Rhf7 45. Qh8+ Rh7 46. Bf8+ Rxf8 47. Qxf8+ 1-0

[Event "Voronezh Region-ch Seniors"]
[Site "Voronezh"]
[Date "2008.11.26"]
[Round "8"]
[White "Belov, Yury"]
[Black "Gurov, Valerian"]
[Result "1-0"]
[WhiteElo "1772"]
[BlackElo "1897"]
[PlyCount "107"]
[EventDate "2008.11.18"]
[EventType "swiss"]
[EventRounds "9"]
[EventCountry "RUS"]
[SourceTitle "EXT 2010"]
[Source "ChessBase"]
[SourceDate "2010.11.25"]
[SourceVersion "1"]
[SourceVersionDate "2010.11.25"]
[SourceQuality "1"]

1. d4 Nf6 2. c4 e6 3. Nc3 d5 4. cxd5 exd5 5. g3 g6 6. Bg5 Bg7 7. Qd2 0-0 8. Bg2 c6 9. Nf3 Bf5 10. Nh4 Bg4 11. h3 Be6 12. e4 dxe4 13. 0-0-0 Qa5 14. Bxf6 Bxf6 15. Nxe4 Qxd2+ 16. Rxd2 Bg7 17. b3 Bd5 18. f4 f5 19. Nc3 Bxg2 20. Nxg2 Na6 21. a3 Rad8 22. Rhd1 Rfe8 23. Kc2 Nc7 24. Nh4 Re3 25. Rd3 Rxd3 26. Rxd3 Rxd4 27. Nf3 Rxd3 28. Kxd3 Ne6 29. b4 h6 30. a4 Kf7 31. Kc4 b6 32. Ne2 Ke7 33. g4 fxg4 34. hxg4 a6 35. Nh4 Nxf4 36. Nxf4 g5 37. Nf5+ Kf7 38. Nh5 Bf8 39. Nd4 b5+ 40. axb5 axb5+ 41. Nxb5 cxb5+ 42. Kxb5 Ke6 43. Kc4 Ke5 44. b5 Ke4 45. b6 Bd6 46. b7 Be5 47. Nf6+ Kf4 48. Kd5 Bb8 49. Ke6 h5 50. gxh5 g4 51. Nxg4 Kg5 52. h6 Kg6 53. Kd7 Kh7 54. Kc8 1-0

[Event "Voronezh Region-ch Seniors"]
[Site "Voronezh"]
[Date "2008.11.19"]
[Round "2"]
[White "Pirozhkov, Yury"]
[Black "Gurov, Valerian"]
[Result "1-0"]
[WhiteElo "1762"]
[BlackElo "1897"]
[PlyCount "48"]
[EventDate "2008.11.18"]
[EventType "swiss"]
[EventRounds "9"]
[EventCountry "RUS"]
[SourceTitle "EXT 2010"]
[Source "ChessBase"]
[SourceDate "2010.11.25"]
[SourceVersion "1"]
[SourceVersionDate "2010.11.25"]
[SourceQuality "1"]

1. e4 c5 2. Na3 a6 3. Bc4 e6 4. Qf3 Nc6 5. c3 b5 6. Bb3 c4 7. Bc2 Qc7 8. b4 Bb7 9. d4 cxd3 10. Qxd3 Ne5 11. Qg3 g6 12. Ne2 Nf6 13. Qh4 Bg7 14. Bg5 Nh5 15. Be7 d6 16. Bg5 Nf3+ 17. gxf3 Bxc3+ 18. Bd2 Bxa1 19. Bb3 Bf6 20. Qh3 Bc6 21. Qg2 e5 22. 0-0 Rg8 23. Nc2 g5 24. Kh1 Ke7 1-0

[Event "Voronezh Region-ch Seniors"]
[Site "Voronezh"]
[Date "2008.11.18"]
[Round "1"]
[White "Gurov, Valerian"]
[Black "Shishkin, Alexander"]
[Result "0-1"]
[WhiteElo "1897"]
[BlackElo "2070"]
[PlyCount "106"]
[EventDate "2008.11.18"]
[EventType "swiss"]
[EventRounds "9"]
[EventCountry "RUS"]
[SourceTitle "EXT 2010"]
[Source "ChessBase"]
[SourceDate "2010.11.25"]
[SourceVersion "1"]
[SourceVersionDate "2010.11.25"]
[SourceQuality "1"]

1. e4 c6 2. d4 d5 3. exd5 cxd5 4. c4 e6 5. Nf3 Nf6 6. Nc3 Be7 7. Be2 0-0 8. 0-0 b6 9. Ne5 Bb7 10. Bf3 Nc6 11. Bf4 Na5 12. a3 dxc4 13. Bxb7 Nxb7 14. Nxc4 Nd5 15. Bg3 Nxc3 16. bxc3 Rc8 17. Qb3 Qd5 18. Nd2 Qxb3 19. Nxb3 Rxc3 20. Nd2 Rfc8 21. a4 Rd3 22. Nf3 Bf6 23. Be5 Bxe5 24. dxe5 Kf8 25. Ng5 h6 26. Ne4 Rc4 27. f3 Nc5 28. a5 Nxe4 29. axb6 axb6 30. Ra8+ Ke7 31. fxe4 Rxe4 32. Ra7+ Rd7 33. Rxf7+ Kxf7 34. Rxd7+ Kg6 35. Rd6 b5 36. Rxe6+ Kf7 37. Rb6 Rxe5 38. Kf2 Ke7 39. Kf3 Kd7 40. Rb7+ Kc6 41. Rxg7 Re6 42. Rg4 Kc5 43. Rg8 b4 44. Rc8+ Kd4 45. Rb8 Kc3 46. g4 b3 47. h4 b2 48. g5 hxg5 49. hxg5 Re1 50. Rc8+ Kd4 51. Rd8+ Kc5 52. Rb8 b1Q 53. Rxb1 Rxb1 0-1

[Event "Voronezh Region-ch Seniors"]
[Site "Voronezh"]
[Date "2007.11.27"]
[Round "8"]
[White "Matveenko, Yury"]
[Black "Gurov, Valerian"]
[Result "0-1"]
[WhiteElo "2176"]
[BlackElo "1897"]
[PlyCount "56"]
[EventDate "2007.11.20"]
[EventType "swiss"]
[EventRounds "9"]
[EventCountry "RUS"]
[SourceTitle "EXT 2022"]
[Source "ChessBase"]
[SourceDate "2021.10.06"]
[SourceVersion "1"]
[SourceVersionDate "2021.10.06"]
[SourceQuality "1"]

1. Nf3 d5 2. d4 Nf6 3. e3 e6 4. Bd3 Bd6 5. Nbd2 Nbd7 6. 0-0 0-0 7. c4 c5 8. b3 h6 9. Bb2 Qc7 10. Rc1 b6 11. cxd5 Nxd5 12. dxc5 bxc5 13. Bb1 f5 14. e4 Nf4 15. exf5 exf5 16. Nc4 Be7 17. Nce5 Bf6 18. Re1 Re8 19. Nxd7 Bxd7 20. Bxf6 gxf6 21. Re3 Bb5 22. Rc2 Red8 23. Qe1 Qg7 24. Nh4 Qg5 25. g3 Nh3+ 26. Kh1 Rd1 27. f4 Rxe1+ 28. Rxe1 Bc6+ 0-1